Múa tính cách chèo trong giai đoạn hiện nay /

Na minha lista:
Detalhes bibliográficos
Autor principal: Nguyễn Thúy Hường.
Formato: Atigo
Idioma:Vietnamese
Assuntos:
Tags: Adicionar Tag
Sem tags, seja o primeiro a adicionar uma tag!
Thư viện lưu trữ: Thư viện Trường Đại học Đà Lạt
LEADER 00743nam a2200253 4500
001 DLU160177404
005 ##20161102
040 # # |a DLU  |b vie 
041 # # |a vie 
044 # # |a vn 
100 # # |a Nguyễn Thúy Hường. 
245 # # |a Múa tính cách chèo trong giai đoạn hiện nay /  |c Nguyễn Thúy Hường. 
653 # # |a Múa 
653 # # |a Nghệ thuật chèo 
773 # # |t Tạp chí Văn hóa nghệ thuật  |g Số 326, tháng 8-2011, tr.45-48 
920 # # |a Phòng Tạp chí -- Trung tâm Thông tin - Thư viện Trường Đại học Đà Lạt 
994 # # |a DLU 
900 # # |a True 
911 # # |a Trần Thị Minh Hương 
925 # # |a G 
926 # # |a A 
927 # # |a BB 
980 # # |a Thư viện Trường Đại học Đà Lạt